Digital diploma mills (Record no. 840)

MARC details
000 -LEADER
fixed length control field 00918 a2200217 4500
008 - FIXED-LENGTH DATA ELEMENTS--GENERAL INFORMATION
fixed length control field 080821t xxu||||| |||| 00| 0 eng d
010 ## - LIBRARY OF CONGRESS CONTROL NUMBER
LC control number ENG-84990
020 ## - INTERNATIONAL STANDARD BOOK NUMBER
International Standard Book Number 8187879289
Terms of availability 125.00
035 ## - SYSTEM CONTROL NUMBER
System control number EN-68523
037 ## - SOURCE OF ACQUISITION
Source of stock number/acquisition D.B.Act / Pub
082 ## - DEWEY DECIMAL CLASSIFICATION NUMBER
Classification number 378.00285
100 ## - MAIN ENTRY--PERSONAL NAME
Personal name Noble, David F.
245 ## - TITLE STATEMENT
Title Digital diploma mills
Remainder of title the automation of higher education
Statement of responsibility, etc David F. Noble.
260 ## - PUBLICATION, DISTRIBUTION, ETC. (IMPRINT)
Place of publication, distribution, etc New Delhi
Name of publisher, distributor, etc Aakar Books
Date of publication, distribution, etc 2004
300 ## - PHYSICAL DESCRIPTION
Extent xii, 116 p. ;
Dimensions 23 cm.
500 ## - GENERAL NOTE
General note Includes index.
650 ## - SUBJECT ADDED ENTRY--TOPICAL TERM
Topical term or geographic name as entry element Education, Higher
General subdivision Effect of technological innovations on
Geographic subdivision United States
General subdivision History.
650 ## - SUBJECT ADDED ENTRY--TOPICAL TERM
Topical term or geographic name as entry element Universities and colleges
General subdivision Technological innovations
Geographic subdivision United States
General subdivision History.
942 ## - ADDED ENTRY ELEMENTS (KOHA)
Institution code [OBSOLETE] dpl
Koha item type English Books
Call number prefix 378.0285 / NOB
Source of classification or shelving scheme Dewey Decimal Classification
Classification part 378.0285
Call number suffix NOB
Holdings
Withdrawn status Lost status Damaged status Not for loan Home library Current library Date acquired Cost, normal purchase price Total Checkouts Full call number Barcode Date last seen Copy number Uniform Resource Identifier Cost, replacement price Price effective from Koha item type
        D.B.Act.Division D.B.Act.Division 21/08/2008 125.00   378.0285 NOB EN-68523 15/09/2008 1 841 125.00 15/09/2008 English Books

© Delhi Public Library
Hit Counter
free hit counter